000
00275nam a2200121Ia 4500
008
190216s9999||||xx |||||||||||||| ||und||
100
_a
Sankara Kurup G
245
0
_a
Meghacchaya
260
_b
National Book Stall
_c
1969
300
_a
68p
650
_a
Kavithkal
942
_c
BK
999
_c
26912
_d
26912